Datum a čas kvízu
19.5
Celkem bodů
Celkový počet nahraných bodů na tomto kvízu bez doplňovacích otázek.
5.
Pořadí na kvízu
Konečné umístění týmu na tomto kvízu.
Zaznamenané odpovědi
| # | Otázka | Odpověď | Body | Výsledky |
|---|---|---|---|---|
| 1. | Z kandidátky Pirátů pro komuná... | 1 | ||
| 2. | Také Vás zaujal níže uvedený n... | 1 | ||
| 3. | Výtvarnice Kateřina Milerová n... | 1 | ||
| 4. | Čínské firmy hodlají vzít útok... | 1 | ||
| 5. | Napište čtyřpísmennou zkratku... | 1 | ||
| 6. | Míváte občas strach, když proc... | 1 | ||
| 7. | Navážeme ještě na předchozí ot... | 1 | ||
| 8. | Bermudský trojúhelník má nedob... | 1 | ||
| 9. | Dálnice D1 dokáže řidičům také... | 0 | ||
| 10. | Na fotce vidíme ostrov Bikini,... | 0 |